[Event "MT_Janovec"]
[Site "?"]
[Date "2013.??.??"]
[Round "?"]
[White "Stepan, Josef"]
[Black "Nevole, Milan"]
[Result "0-1"]
[WhiteElo "1845"]
[BlackElo "2331"]
[PlyCount "96"]
[EventDate "2013.??.??"]
[EventType "corr"]
[EventRounds "2"]
[SourceDate "2010.08.23"]

1. c4 b6 2. d4 e6 3. Nf3 Bb7 4. g3 Nf6 5. Bg2 Be7 6. O-O O-O 7. Nc3 d5 8. cxd5
exd5 9. Bd2 Re8 10. Rc1 Nbd7 11. Bf4 c6 12. Re1 Nf8 13. Ne5 Ne6 14. Be3 c5 15.
Na4 Bd6 16. Nf3 Ng4 17. Rc3 Qf6 18. dxc5 Nxe3 19. Rxe3 bxc5 20. Rb3 Bc6 21. Rc3
c4 22. a3 Red8 23. e3 Rab8 24. Re2 Bxa4 25. Qxa4 Rxb2 26. Rxb2 Qxc3 27. Ra2
Qc1+ 28. Bf1 Bc5 29. Kg2 Qb1 30. Rd2 Qe4 31. Be2 c3 32. Qxe4 dxe4 33. Rxd8+
Nxd8 34. Ne1 Bxa3 35. Nc2 Bb2 36. Bc4 Nb7 37. Kf1 a5 38. Ke1 Kf8 39. Kd1 Nc5
40. Ne1 a4 41. Kc2 f5 42. Kb1 Ke7 43. h3 h6 44. Kc2 Kf6 45. Kb1 Ke5 46. Kc2 g5
47. Kb1 f4 48. g4 Nb3 0-1

[Event "MT_Janovec"]
[Site "?"]
[Date "2013.??.??"]
[Round "?"]
[White "Vins, Karel"]
[Black "Lucan, Zdenko"]
[Result "1/2-1/2"]
[WhiteElo "1763"]
[BlackElo "1613"]
[PlyCount "65"]
[EventDate "2013.??.??"]
[EventType "corr"]
[EventRounds "2"]
[SourceDate "2010.08.23"]

1. e4 c6 2. d4 d5 3. Nc3 dxe4 4. Nxe4 Bf5 5. Ng3 e6 6. Nxf5 exf5 7. c3 g6 8.
Nf3 Bg7 9. Bc4 Qe7+ 10. Qe2 Qxe2+ 11. Bxe2 Ne7 12. O-O O-O 13. Be3 Nd5 14. Rad1
Nxe3 15. fxe3 Nd7 16. b4 b5 17. Nd2 Bh6 18. Rf3 Rfe8 19. Nf1 Nf6 20. c4 a6 21.
h3 Ra7 22. Bd3 Rae7 23. Kf2 Ne4+ 24. Bxe4 fxe4 25. Rf6 Re6 26. Rxe6 Rxe6 27. c5
f5 28. g3 g5 29. d5 cxd5 30. Rxd5 Rf6 31. Ke2 Kf7 32. Rd1 Bg7 33. Nd2 1/2-1/2

[Event "MT_Janovec"]
[Site "?"]
[Date "2013.??.??"]
[Round "?"]
[White "Nevole, Milan"]
[Black "Vins, Karel"]
[Result "1-0"]
[WhiteElo "2331"]
[BlackElo "1763"]
[PlyCount "73"]
[EventDate "2013.??.??"]
[EventType "corr"]
[EventRounds "2"]
[SourceDate "2010.08.23"]

1. d4 d5 2. c4 e6 3. Nf3 Nf6 4. g3 c6 5. Bg2 Be7 6. O-O O-O 7. Qc2 Nbd7 8. b3
h6 9. Rd1 Re8 10. Nc3 Bd6 11. Bf4 Bxf4 12. gxf4 Nh7 13. e3 f5 14. Kh1 Nhf8 15.
Rg1 Ng6 16. cxd5 cxd5 17. Nb5 Re7 18. Qc7 Qxc7 19. Nxc7 Rb8 20. Rac1 Nb6 21.
Bf1 Nf8 22. Nb5 Na8 23. Ne5 a6 24. Nd6 Rc7 25. Be2 Rxc1 26. Rxc1 Bd7 27. Bh5 b5
28. Bf7+ Kh8 29. Nxd7 Nxd7 30. Bxe6 Nf6 31. Nf7+ Kh7 32. Bxf5+ Kg8 33. Ne5 Kf8
34. Be6 Rd8 35. Rc6 a5 36. f5 Ne8 37. Ng6# 1-0

[Event "MT_Janovec"]
[Site "?"]
[Date "2013.??.??"]
[Round "?"]
[White "Slavik, Miroslav"]
[Black "Stepan, Josef"]
[Result "1/2-1/2"]
[WhiteElo "2235"]
[BlackElo "1845"]
[PlyCount "32"]
[EventDate "2013.??.??"]
[EventType "corr"]
[EventRounds "2"]
[SourceDate "2010.08.23"]

1. e4 d6 2. d4 Nf6 3. Nc3 g6 4. Nf3 Bg7 5. Be2 O-O 6. O-O c6 7. Re1 Qc7 8. e5
dxe5 9. Nxe5 Nbd7 10. Bf4 Nxe5 11. Bxe5 Qd8 12. Bf3 Be6 13. Qe2 Re8 14. a3 Bd5
15. Nxd5 Nxd5 16. c4 Nf6 1/2-1/2

[Event "MT_Janovec"]
[Site "?"]
[Date "2013.??.??"]
[Round "?"]
[White "Pressl, Ladislav"]
[Black "Svoboda, Josef"]
[Result "0-1"]
[WhiteElo "2155"]
[BlackElo "1908"]
[PlyCount "58"]
[EventDate "2013.??.??"]
[EventType "corr"]
[EventRounds "2"]
[SourceDate "2010.08.23"]

1. d4 d5 2. Nc3 e6 3. e4 Bb4 4. Nge2 dxe4 5. a3 Bxc3+ 6. Nxc3 f5 7. Bb5+ c6 8.
Bc4 Nf6 9. Bg5 O-O 10. O-O b5 11. Bb3 a5 12. Qd2 a4 13. Ba2 Na6 14. Rad1 Nc7
15. f3 exf3 16. Rxf3 Ncd5 17. Re1 h6 18. Bxf6 Rxf6 19. Bxd5 cxd5 20. Nxb5 Rb8
21. Nc3 Rxb2 22. Nxa4 Ra2 23. Qc1 Qa5 24. Nc3 Rxa3 25. Nxd5 Qxd5 26. Qxa3 Qxd4+
27. Qe3 Qc4 28. Rf4 Qc6 29. Rc4 Qxc4 0-1

[Event "MT_Janovec"]
[Site "?"]
[Date "2013.??.??"]
[Round "?"]
[White "Kyzlink, Vladimir"]
[Black "Fejfar, Vlastimil"]
[Result "0-1"]
[WhiteElo "2071"]
[BlackElo "2052"]
[PlyCount "56"]
[EventDate "2013.??.??"]
[EventType "corr"]
[EventRounds "2"]
[SourceDate "2010.08.23"]

1. e4 e5 2. Nf3 Nc6 3. Bc4 Nf6 4. Ng5 Bc5 5. Bxf7+ Ke7 6. Bb3 Rf8 7. O-O d6 8.
Nc3 Qe8 9. Nd5+ Kd8 10. c3 h6 11. d4 exd4 12. Nxf6 Rxf6 13. e5 Rf8 14. exd6
hxg5 15. Re1 Qg6 16. cxd4 Bxd4 17. Be3 Bxe3 18. Rxe3 Bd7 19. Rd3 Bf5 20. Rd2
Kd7 21. dxc7+ Kxc7 22. Bd5 Rad8 23. Rc1 Be4 24. Bxe4 Qxe4 25. Qe2 Qxe2 26. Rxe2
g4 27. b4 Kb6 28. Rb1 Rfe8 0-1

[Event "MT_Janovec"]
[Site "?"]
[Date "2013.??.??"]
[Round "?"]
[White "Svoboda, Josef"]
[Black "Goc, Pavel"]
[Result "0-1"]
[WhiteElo "1908"]
[BlackElo "2118"]
[PlyCount "84"]
[EventDate "2013.??.??"]
[EventType "corr"]
[EventRounds "2"]
[SourceDate "2010.08.23"]

1. d4 Nf6 2. c4 e6 3. Nc3 Bb4 4. e3 O-O 5. Be2 c5 6. Nf3 d5 7. O-O dxc4 8. Bxc4
Nbd7 9. Bd3 cxd4 10. exd4 b6 11. Bf4 Bb7 12. a3 Be7 13. Re1 Rc8 14. Nb5 Nd5 15.
Bg3 a6 16. Nd6 Bxd6 17. Bxd6 Re8 18. Rc1 Rxc1 19. Qxc1 Nf8 20. Bg3 b5 21. Qc5
Ng6 22. Bc2 Ndf4 23. Be4 Qa8 24. Bxb7 Qxb7 25. Bxf4 Nxf4 26. Qf5 Ng6 27. Qh5
Rc8 28. Qg5 h6 29. Qd2 Qc7 30. Ne5 Nxe5 31. dxe5 Rd8 32. Qe2 Rd4 33. g3 Qd8 34.
Qc2 Rd2 35. Qc3 Qd5 36. b3 Kh7 37. b4 Rd3 38. Qc7 Qf3 39. Ra1 Qe4 40. Qxf7 Qxe5
41. Rc1 Rxa3 42. Rc7 Rb3 0-1

[Event "MT_Janovec"]
[Site "?"]
[Date "2013.??.??"]
[Round "?"]
[White "Stepan, Josef"]
[Black "Pressl, Ladislav"]
[Result "1/2-1/2"]
[WhiteElo "1845"]
[BlackElo "2155"]
[PlyCount "55"]
[EventDate "2013.??.??"]
[EventType "corr"]
[EventRounds "2"]
[SourceDate "2010.08.23"]

1. c4 Nf6 2. Nc3 e6 3. d4 d5 4. Nf3 Bb4 5. Bd2 c5 6. e3 O-O 7. a3 Bxc3 8. Bxc3
Nc6 9. dxc5 Ne4 10. Qc2 Nxc5 11. cxd5 Qxd5 12. Rd1 Qe4 13. Bd3 Qg4 14. O-O Nxd3
15. Rxd3 e5 16. Nxe5 Nxe5 17. Bxe5 Bf5 18. Rfd1 Rac8 19. Bc3 Be4 20. f3 Bxf3
21. R1d2 Be4 22. Rd4 Rfe8 23. Qd1 Qg5 24. Qe1 h5 25. Qf2 Rc5 26. Qf4 Qxf4 27.
exf4 Kh7 28. Re2 1/2-1/2

[Event "MT_Janovec"]
[Site "?"]
[Date "2013.??.??"]
[Round "?"]
[White "Vins, Karel"]
[Black "Slavik, Miroslav"]
[Result "0-1"]
[WhiteElo "1763"]
[BlackElo "2235"]
[PlyCount "45"]
[EventDate "2013.??.??"]
[EventType "corr"]
[EventRounds "2"]
[SourceDate "2010.08.23"]

1. e4 c6 2. d4 d5 3. Nc3 dxe4 4. Nxe4 Nd7 5. Nf3 Ngf6 6. Nxf6+ Nxf6 7. Bc4 Bf5
8. Be2 e6 9. Be3 Bd6 10. h3 Qb6 11. b3 Bb4+ 12. Bd2 Ne4 13. O-O Nxd2 14. Nxd2
Qxd4 15. Nf3 Qxd1 16. Bxd1 O-O-O 17. Nh4 Be4 18. Nf3 Bc3 19. Rb1 f6 20. b4 Bd5
21. Be2 Bxa2 22. Rbd1 a6 23. b5 0-1

[Event "MT_Janovec"]
[Site "?"]
[Date "2013.??.??"]
[Round "?"]
[White "Lucan, Zdenko"]
[Black "Nevole, Milan"]
[Result "0-1"]
[WhiteElo "1613"]
[BlackElo "2331"]
[PlyCount "50"]
[EventDate "2013.??.??"]
[EventType "corr"]
[EventRounds "2"]
[SourceDate "2010.08.23"]

1. Nf3 c5 2. g3 Nc6 3. c3 d5 4. Bg2 Nf6 5. d3 e5 6. h3 Be7 7. Bg5 Be6 8. Nbd2
O-O 9. O-O Qd7 10. g4 h5 11. Nh2 hxg4 12. Nxg4 Nxg4 13. Bxe7 Nxe7 14. hxg4 Bxg4
15. f3 Be6 16. e4 Ng6 17. exd5 Bxd5 18. Ne4 Nf4 19. Qd2 Qc6 20. c4 Be6 21. Rad1
Rad8 22. Qe3 Bh3 23. Bxh3 Qh6 24. Nf2 Nxh3+ 25. Kg2 Qxe3 0-1

[Event "MT_Janovec"]
[Site "?"]
[Date "2013.??.??"]
[Round "?"]
[White "Lucan, Zdenko"]
[Black "Slavik, Miroslav"]
[Result "0-1"]
[WhiteElo "1613"]
[BlackElo "2235"]
[PlyCount "27"]
[EventDate "2013.??.??"]
[EventType "corr"]
[EventRounds "2"]
[SourceDate "2010.08.23"]

1. Nf3 Nf6 2. c4 e6 3. d3 d5 4. cxd5 exd5 5. h3 Nc6 6. a3 Bd6 7. Bg5 a6 8. Bxf6
Qxf6 9. d4 O-O 10. e3 Ne7 11. Be2 Qg6 12. Nh4 Qg5 13. Nf3 Qxg2 14. Kd2 0-1

[Event "MT_Janovec"]
[Site "?"]
[Date "2013.??.??"]
[Round "?"]
[White "Vins, Karel"]
[Black "Pressl, Ladislav"]
[Result "1/2-1/2"]
[WhiteElo "1763"]
[BlackElo "2155"]
[PlyCount "76"]
[EventDate "2013.??.??"]
[EventType "corr"]
[EventRounds "2"]
[SourceDate "2010.08.23"]

1. e4 c5 2. c3 d5 3. exd5 Qxd5 4. d4 cxd4 5. Qxd4 e6 6. Qxd5 exd5 7. h3 Nf6 8.
Bg5 Be7 9. Nf3 Nc6 10. Bd3 O-O 11. Nbd2 h6 12. Bh4 Re8 13. O-O Be6 14. Bg3 Rad8
15. Nb3 a6 16. Nbd4 Bc5 17. a3 Ne4 18. Kh1 Nxg3+ 19. fxg3 Bd6 20. g4 Nxd4 21.
Nxd4 Rc8 22. Nf5 Bf8 23. Rad1 b5 24. Nd4 Bd7 25. Be2 Bc5 26. Bf3 Re5 27. Nb3
Be6 28. Nxc5 Rxc5 29. Rd4 Kf8 30. Rfd1 Ke7 31. Kg1 Kd6 32. Kf2 Rc7 33. R1d2 a5
34. Re2 f6 35. Red2 g6 36. g3 Rc4 37. Be2 Rc5 38. Bf3 Rc7 1/2-1/2

[Event "MT_Janovec"]
[Site "?"]
[Date "2013.??.??"]
[Round "?"]
[White "Stepan, Josef"]
[Black "Goc, Pavel"]
[Result "0-1"]
[WhiteElo "1845"]
[BlackElo "2118"]
[PlyCount "42"]
[EventDate "2013.??.??"]
[EventType "corr"]
[EventRounds "2"]
[SourceDate "2010.08.23"]

1. c4 e5 2. Nc3 Nc6 3. g3 f5 4. Bg2 Nf6 5. d3 Bb4 6. Bd2 O-O 7. Nd5 Bxd2+ 8.
Qxd2 d6 9. Nxf6+ Qxf6 10. Bd5+ Be6 11. Bxe6+ Qxe6 12. Nf3 Rae8 13. O-O e4 14.
Ng5 Qe5 15. dxe4 fxe4 16. Qd5+ Qxd5 17. cxd5 Nd4 18. e3 Rf5 19. exd4 Rxg5 20.
Rfe1 Rxd5 21. Rxe4 Rxe4 0-1

[Event "MT_Janovec"]
[Site "?"]
[Date "2013.??.??"]
[Round "?"]
[White "Svoboda, Josef"]
[Black "Kyzlink, Vladimir"]
[Result "1/2-1/2"]
[WhiteElo "1908"]
[BlackElo "2071"]
[PlyCount "81"]
[EventDate "2013.??.??"]
[EventType "corr"]
[EventRounds "2"]
[SourceDate "2010.08.23"]

1. e4 e5 2. Nf3 Nc6 3. Bb5 a6 4. Ba4 Nf6 5. O-O Be7 6. Bb3 d6 7. d3 Na5 8. c4
Nxb3 9. Qxb3 O-O 10. Nc3 b6 11. d4 exd4 12. Nxd4 Bb7 13. Nf5 Re8 14. Nxe7+ Rxe7
15. f3 Re6 16. Nd5 Nd7 17. Be3 Re8 18. Qc3 c6 19. Nf4 Ne5 20. Rfd1 b5 21. b3
Qe7 22. Qd2 Red8 23. Bb6 Rd7 24. Rac1 Qg5 25. Kh1 bxc4 26. bxc4 Bc8 27. Be3 Rb8
28. Ne2 Qd8 29. Ng3 Qf6 30. Nf5 Bb7 31. Bg5 Qe6 32. Nxd6 c5 33. f4 Ng4 34. f5
Qe5 35. Bf4 Qe7 36. Qe1 Bc6 37. Qg3 Nf6 38. Bg5 Rb2 39. Qa3 Re2 40. Bxf6 gxf6
41. Rb1 1/2-1/2

[Event "MT_Janovec"]
[Site "?"]
[Date "2013.??.??"]
[Round "?"]
[White "Fejfar, Vlastimil"]
[Black "Svoboda, Josef"]
[Result "1-0"]
[WhiteElo "2052"]
[BlackElo "1908"]
[PlyCount "53"]
[EventDate "2013.??.??"]
[EventType "corr"]
[EventRounds "2"]
[SourceDate "2010.08.23"]

1. e4 e5 2. Nf3 Nc6 3. d4 exd4 4. c3 Nf6 5. e5 Nd5 6. cxd4 Bb4+ 7. Bd2 d6 8.
Bb5 O-O 9. O-O Bf5 10. Nc3 Bxc3 11. bxc3 Nce7 12. Qb3 dxe5 13. Nxe5 f6 14. Nf3
Kh8 15. Nh4 Bg4 16. h3 Bh5 17. Bd3 b6 18. Rae1 f5 19. Re5 Bf7 20. Bg5 Nf6 21.
Qc2 c5 22. dxc5 bxc5 23. Rxc5 Qd6 24. Ra5 Rfd8 25. Bxf5 Nxf5 26. Nxf5 Qc7 27.
Ra6 1-0

[Event "MT_Janovec"]
[Site "?"]
[Date "2013.??.??"]
[Round "?"]
[White "Kyzlink, Vladimir"]
[Black "Stepan, Josef"]
[Result "1-0"]
[WhiteElo "2071"]
[BlackElo "1845"]
[PlyCount "49"]
[EventDate "2013.??.??"]
[EventType "corr"]
[EventRounds "2"]
[SourceDate "2010.08.23"]

1. e4 c6 2. d4 d5 3. e5 Bf5 4. Nf3 e6 5. Be2 c5 6. O-O cxd4 7. Nxd4 Ne7 8. Bg5
Bg6 9. Nb5 Qb6 10. c4 Nec6 11. cxd5 Nxe5 12. d6 Na6 13. Qa4 Nc6 14. Rd1 Kd7 15.
Be3 Qa5 16. Qxa5 Nxa5 17. Bxa7 Nc6 18. Bb6 Bxb1 19. Raxb1 Nab4 20. a3 Nd5 21.
Rxd5 Ra6 22. Bc7 exd5 23. Bg4+ f5 24. Bxf5+ Ke8 25. Bc8 1-0

[Event "MT_Janovec"]
[Site "?"]
[Date "2013.??.??"]
[Round "?"]
[White "Goc, Pavel"]
[Black "Vins, Karel"]
[Result "1-0"]
[WhiteElo "2118"]
[BlackElo "1763"]
[PlyCount "37"]
[EventDate "2013.??.??"]
[EventType "corr"]
[EventRounds "2"]
[SourceDate "2010.08.23"]

1. e4 e5 2. Nf3 Nc6 3. Bc4 Bc5 4. b4 Bxb4 5. c3 Ba5 6. d4 exd4 7. O-O Bb6 8.
cxd4 Na5 9. Bd3 d6 10. Bg5 Qd7 11. Nc3 c6 12. Re1 f6 13. Be3 Bc7 14. e5 dxe5
15. dxe5 Bxe5 16. Nxe5 fxe5 17. Qh5+ Kd8 18. Qxe5 b6 19. Bg5+ 1-0

[Event "MT_Janovec"]
[Site "?"]
[Date "2013.??.??"]
[Round "?"]
[White "Pressl, Ladislav"]
[Black "Lucan, Zdenko"]
[Result "1-0"]
[WhiteElo "2155"]
[BlackElo "1613"]
[PlyCount "53"]
[EventDate "2013.??.??"]
[EventType "corr"]
[EventRounds "2"]
[SourceDate "2010.08.23"]

1. d4 Nf6 2. c4 e6 3. Nc3 Be7 4. e4 d6 5. f4 c6 6. Nf3 h6 7. Be2 O-O 8. O-O Bd7
9. e5 Nh7 10. Qc2 g6 11. Rd1 Be8 12. Be3 f5 13. exf6 Bxf6 14. f5 g5 15. fxe6
Qe7 16. d5 c5 17. Rf1 Bxc3 18. Qxc3 Qf6 19. Qb3 b6 20. Nxg5 Qg7 21. Nxh7 Qxh7
22. Rxf8+ Kxf8 23. Rf1+ Ke7 24. Bd3 Bg6 25. Bxg6 Qxg6 26. Rf7+ Kd8 27. Qc3 1-0

[Event "MT_Janovec"]
[Site "?"]
[Date "2013.??.??"]
[Round "?"]
[White "Slavik, Miroslav"]
[Black "Nevole, Milan"]
[Result "1/2-1/2"]
[WhiteElo "2235"]
[BlackElo "2331"]
[PlyCount "42"]
[EventDate "2013.??.??"]
[EventType "corr"]
[EventRounds "2"]
[SourceDate "2010.08.23"]

1. d4 Nf6 2. c4 e6 3. Nf3 d5 4. e3 c5 5. cxd5 Nxd5 6. dxc5 Qc7 7. Bd2 Be7 8. e4
Nf6 9. Nc3 O-O 10. Nb5 Qc6 11. e5 Ne4 12. Nd6 Nxc5 13. Be3 Bxd6 14. Qxd6 Qxd6
15. exd6 b6 16. Rc1 Rd8 17. Nd4 Bb7 18. Nb5 Nc6 19. a3 Rd7 20. f3 Rc8 21. b4
Na4 1/2-1/2

[Event "MT_Janovec"]
[Site "?"]
[Date "2013.??.??"]
[Round "?"]
[White "Nevole, Milan"]
[Black "Pressl, Ladislav"]
[Result "1/2-1/2"]
[WhiteElo "2331"]
[BlackElo "2155"]
[PlyCount "34"]
[EventDate "2013.??.??"]
[EventType "corr"]
[EventRounds "2"]
[SourceDate "2010.08.23"]

1. Nf3 Nf6 2. g3 d5 3. Bg2 c6 4. O-O Bg4 5. d4 e6 6. Nbd2 Bd6 7. Re1 O-O 8. e4
dxe4 9. Nxe4 Nxe4 10. Rxe4 Bf5 11. Re1 Nd7 12. Nh4 Qf6 13. Nxf5 Qxf5 14. c4
Rfe8 15. a3 Nf6 16. Qf3 Qxf3 17. Bxf3 Rad8 1/2-1/2

[Event "MT_Janovec"]
[Site "?"]
[Date "2013.??.??"]
[Round "?"]
[White "Lucan, Zdenko"]
[Black "Goc, Pavel"]
[Result "0-1"]
[WhiteElo "1613"]
[BlackElo "2118"]
[PlyCount "46"]
[EventDate "2013.??.??"]
[EventType "corr"]
[EventRounds "2"]
[SourceDate "2010.08.23"]

1. g3 e5 2. Bg2 d5 3. e3 Nf6 4. Bh3 Bxh3 5. Nxh3 Qd7 6. Ng1 Bd6 7. d3 O-O 8. h3
c5 9. Ne2 Nc6 10. Nd2 b5 11. Nc3 b4 12. Ncb1 a5 13. b3 a4 14. bxa4 Rxa4 15. Nb3
Rfa8 16. a3 Qe6 17. Bb2 c4 18. dxc4 dxc4 19. Nc1 c3 20. Bxc3 bxc3 21. Qd3 Nb4
22. Qxc3 Rc8 23. Qb3 Nxc2+ 0-1

[Event "MT_Janovec"]
[Site "?"]
[Date "2013.??.??"]
[Round "?"]
[White "Vins, Karel"]
[Black "Kyzlink, Vladimir"]
[Result "0-1"]
[WhiteElo "1763"]
[BlackElo "2071"]
[PlyCount "74"]
[EventDate "2013.??.??"]
[EventType "corr"]
[EventRounds "2"]
[SourceDate "2010.08.23"]

1. e4 e5 2. Nf3 Nc6 3. Bb5 a6 4. Ba4 Nf6 5. d3 b5 6. Bb3 d6 7. c3 Be7 8. h3 O-O
9. Be3 Na5 10. Bc2 c5 11. Nbd2 Bb7 12. b4 cxb4 13. cxb4 Nc6 14. a3 d5 15. Nh2
Nd4 16. Bxd4 exd4 17. f3 a5 18. Rb1 axb4 19. axb4 Qc7 20. O-O Bd6 21. Ng4 Nxg4
22. fxg4 Bf4 23. Bb3 dxe4 24. dxe4 Be3+ 25. Kh1 Rac8 26. Nf3 Bxe4 27. Ra1 Qe7
28. Nd2 Bxd2 29. Qxd2 Rc3 30. Bxf7+ Rxf7 31. Rxf7 Qxf7 32. Qxd4 Rc4 33. Qd8+
Qf8 34. Qb6 Qxb4 35. Qb8+ Qf8 36. Qxb5 Rc8 37. Qa5 Bxg2+ 0-1

[Event "MT_Janovec"]
[Site "?"]
[Date "2013.??.??"]
[Round "?"]
[White "Stepan, Josef"]
[Black "Fejfar, Vlastimil"]
[Result "0-1"]
[WhiteElo "1845"]
[BlackElo "2052"]
[PlyCount "96"]
[EventDate "2013.??.??"]
[EventType "corr"]
[EventRounds "2"]
[SourceDate "2010.08.23"]

1. d4 Nf6 2. c4 c5 3. d5 e6 4. Nc3 exd5 5. cxd5 Bd6 6. e4 Be5 7. Bd3 O-O 8. Nf3
Bxc3+ 9. bxc3 d6 10. O-O Re8 11. Re1 Bg4 12. Bb2 Nbd7 13. h3 Bxf3 14. Qxf3 Ne5
15. Qe2 Rb8 16. Bb5 Re7 17. c4 a6 18. Ba4 b5 19. cxb5 Qa5 20. Bxe5 Rxe5 21. Bc2
axb5 22. f4 Ree8 23. Qd3 Qb6 24. Rad1 c4+ 25. Qd4 Qa5 26. Bb1 Rbd8 27. g4 Nd7
28. e5 Qb6 29. e6 Ra8 30. Kf1 Qxd4 31. Rxd4 Nc5 32. f5 Ra3 33. h4 Na4 34. Rde4
Kf8 35. R4e3 Nc3 36. Be4 b4 37. g5 Rxa2 38. g6 hxg6 39. fxg6 f6 40. Bg2 Ke7 41.
h5 Na4 42. Rh3 b3 43. h6 Nc5 44. hxg7 b2 45. Rh8 Raa8 46. Rxe8+ Rxe8 47. Bh3
Ne4 48. Kg1 c3 0-1

[Event "MT_Janovec"]
[Site "?"]
[Date "2013.??.??"]
[Round "?"]
[White "Fejfar, Vlastimil"]
[Black "Vins, Karel"]
[Result "1-0"]
[WhiteElo "2052"]
[BlackElo "1763"]
[PlyCount "41"]
[EventDate "2013.??.??"]
[EventType "corr"]
[EventRounds "2"]
[SourceDate "2010.08.23"]

1. e4 e5 2. Nf3 Nc6 3. d4 exd4 4. c3 dxc3 5. Nxc3 d6 6. Bc4 Be6 7. Bxe6 fxe6 8.
Qb3 Qc8 9. Ng5 Nd8 10. O-O h6 11. Nf3 Be7 12. e5 d5 13. Qc2 Bf8 14. Qg6+ Nf7
15. Nxd5 c6 16. Nf4 Ke7 17. Nd4 Nxe5 18. Qe4 Nf7 19. Ng6+ Kf6 20. Re1 Ne7 21.
Qxe6+ 1-0

[Event "MT_Janovec"]
[Site "?"]
[Date "2013.??.??"]
[Round "?"]
[White "Kyzlink, Vladimir"]
[Black "Lucan, Zdenko"]
[Result "1-0"]
[WhiteElo "2071"]
[BlackElo "1613"]
[PlyCount "71"]
[EventDate "2013.??.??"]
[EventType "corr"]
[EventRounds "2"]
[SourceDate "2010.08.23"]

1. e4 c6 2. d4 d5 3. exd5 cxd5 4. c4 e6 5. Nc3 Bb4 6. cxd5 exd5 7. Nf3 Ne7 8.
Bb5+ Bd7 9. Qa4 Bxc3+ 10. bxc3 Bxb5 11. Qxb5+ Qd7 12. Qxd7+ Nxd7 13. Rb1 b6 14.
Ba3 f6 15. Kd2 Kf7 16. Rhe1 Rhe8 17. Bxe7 Rxe7 18. Rb5 Rxe1 19. Nxe1 Ke6 20.
Nd3 a6 21. Nf4+ Kd6 22. Rxd5+ Kc6 23. c4 Re8 24. Nd3 a5 25. h3 g5 26. Rb5 Re4
27. Rd5 h6 28. f3 Re6 29. Rb5 Rd6 30. Kc3 Kc7 31. Nf2 h5 32. Ne4 Re6 33. Rf5 g4
34. Rxh5 gxf3 35. gxf3 a4 36. Kb4 1-0

[Event "MT_Janovec"]
[Site "?"]
[Date "2013.??.??"]
[Round "?"]
[White "Goc, Pavel"]
[Black "Nevole, Milan"]
[Result "1/2-1/2"]
[WhiteElo "2118"]
[BlackElo "2331"]
[PlyCount "42"]
[EventDate "2013.??.??"]
[EventType "corr"]
[EventRounds "2"]
[SourceDate "2010.08.23"]

1. d4 Nf6 2. Nf3 d5 3. e3 c5 4. c3 e6 5. Bd3 Nc6 6. Nbd2 Bd6 7. O-O O-O 8. dxc5
Bxc5 9. e4 Qc7 10. Qe2 b6 11. e5 Ng4 12. Bxh7+ Kxh7 13. Ng5+ Kg8 14. Qxg4 Qxe5
15. Nb3 Be7 16. Nf3 Qf6 17. Qg3 Ba6 18. Re1 Rac8 19. Bf4 Bd3 20. Nbd4 Nxd4 21.
Nxd4 Qg6 1/2-1/2

[Event "MT_Janovec"]
[Site "?"]
[Date "2013.??.??"]
[Round "?"]
[White "Pressl, Ladislav"]
[Black "Slavik, Miroslav"]
[Result "1/2-1/2"]
[WhiteElo "2155"]
[BlackElo "2235"]
[PlyCount "37"]
[EventDate "2013.??.??"]
[EventType "corr"]
[EventRounds "2"]
[SourceDate "2010.08.23"]

1. e4 c6 2. d4 d5 3. Nc3 dxe4 4. Nxe4 Nd7 5. Bd3 Ngf6 6. c3 Nxe4 7. Bxe4 Nf6 8.
Bf3 Bf5 9. Ne2 e6 10. Bg5 Bd6 11. Qb3 Qc7 12. Ng3 Bg6 13. O-O-O h6 14. Be3 b5
15. Rhe1 a5 16. Rd2 a4 17. Qd1 Nd5 18. Bh5 Bxh5 19. Nxh5 1/2-1/2

[Event "MT_Janovec"]
[Site "?"]
[Date "2013.??.??"]
[Round "?"]
[White "Slavik, Miroslav"]
[Black "Goc, Pavel"]
[Result "1/2-1/2"]
[WhiteElo "2235"]
[BlackElo "2118"]
[PlyCount "22"]
[EventDate "2013.??.??"]
[EventType "corr"]
[EventRounds "2"]
[SourceDate "2010.08.23"]

1. c4 e5 2. Nc3 Nf6 3. Nf3 Nc6 4. d4 exd4 5. Nxd4 Bb4 6. Bg5 h6 7. Nxc6 bxc6 8.
Bh4 O-O 9. e3 g5 10. Bg3 Ne4 11. Qc2 Qf6 1/2-1/2

[Event "MT_Janovec"]
[Site "?"]
[Date "2013.??.??"]
[Round "?"]
[White "Nevole, Milan"]
[Black "Kyzlink, Vladimir"]
[Result "1-0"]
[WhiteElo "2331"]
[BlackElo "2071"]
[PlyCount "45"]
[EventDate "2013.??.??"]
[EventType "corr"]
[EventRounds "2"]
[SourceDate "2010.08.23"]

1. Nf3 d5 2. g3 c5 3. c4 dxc4 4. Qa4+ Nd7 5. Bg2 g6 6. Qxc4 Bg7 7. Nc3 Ngf6 8.
d4 cxd4 9. Qxd4 e6 10. O-O O-O 11. e4 Nd5 12. e5 Nxc3 13. Qxc3 Nb6 14. Bg5 Qe8
15. Rfd1 Bd7 16. Bf6 Bxf6 17. exf6 Nd5 18. Qd4 Qd8 19. Ne5 Bc6 20. Bxd5 Bxd5
21. Qf4 Kh8 22. Qg5 Rc8 23. Rd4 1-0

[Event "MT_Janovec"]
[Site "?"]
[Date "2013.??.??"]
[Round "?"]
[White "Lucan, Zdenko"]
[Black "Fejfar, Vlastimil"]
[Result "0-1"]
[WhiteElo "1613"]
[BlackElo "2052"]
[PlyCount "62"]
[EventDate "2013.??.??"]
[EventType "corr"]
[EventRounds "2"]
[SourceDate "2010.08.23"]

1. d4 Nf6 2. Bg5 e6 3. Nf3 h6 4. Bf4 c5 5. c3 cxd4 6. cxd4 Nc6 7. Nc3 Qb6 8.
Na4 Bb4+ 9. Bd2 Qa5 10. Nc3 d5 11. a3 Bd6 12. Ne4 Qd8 13. Nxf6+ Qxf6 14. Bc3
Bd7 15. e3 Rc8 16. Bb5 O-O 17. O-O a6 18. Bxc6 Bxc6 19. Ne5 Qg5 20. Nxc6 Rxc6
21. Bb4 Bxb4 22. axb4 Rb6 23. f4 Qe7 24. Rb1 Qxb4 25. Rf2 Qb3 26. Qxb3 Rxb3 27.
Re2 Rc8 28. Kf2 Kf8 29. Rd2 Rb4 30. Ke2 Rbc4 31. Rc2 Rxc2+ 0-1

[Event "MT_Janovec"]
[Site "?"]
[Date "2013.??.??"]
[Round "?"]
[White "Stepan, Josef"]
[Black "Svoboda, Josef"]
[Result "0-1"]
[WhiteElo "1845"]
[BlackElo "1908"]
[PlyCount "44"]
[EventDate "2013.??.??"]
[EventType "corr"]
[EventRounds "2"]
[SourceDate "2010.08.23"]

1. c4 e5 2. Nc3 Nc6 3. g3 f5 4. d3 Nf6 5. Bg2 Bb4 6. Bd2 O-O 7. Nf3 e4 8. dxe4
Nxe4 9. Rc1 d6 10. e3 Be6 11. b3 Ba3 12. Rb1 Bb4 13. Nxe4 fxe4 14. Nd4 Nxd4 15.
Bxb4 Nf3+ 16. Bxf3 Rxf3 17. O-O Qf6 18. Qd4 Rf8 19. Qxf6 R8xf6 20. Bc3 Rf7 21.
Rbd1 Bh3 22. Rfe1 Rxf2 0-1

[Event "MT_Janovec"]
[Site "?"]
[Date "2013.??.??"]
[Round "?"]
[White "Svoboda, Josef"]
[Black "Vins, Karel"]
[Result "1-0"]
[WhiteElo "1908"]
[BlackElo "1763"]
[PlyCount "83"]
[EventDate "2013.??.??"]
[EventType "corr"]
[EventRounds "2"]
[SourceDate "2010.08.23"]

1. c4 e5 2. Nc3 Nf6 3. e4 c6 4. Nf3 d6 5. d4 exd4 6. Nxd4 Be7 7. Be2 a6 8. O-O
c5 9. Nf3 Nc6 10. Bg5 h6 11. Be3 b6 12. Bf4 O-O 13. b3 Be6 14. Qd2 Ra7 15. Rfd1
Ne8 16. Nd5 Bxd5 17. cxd5 Nb8 18. Qe3 f6 19. Nd2 Nd7 20. Bg4 Ne5 21. Be6+ Kh8
22. Bxh6 Nf7 23. Bf4 g5 24. Bg3 Ng7 25. Rac1 f5 26. f4 Kh7 27. Nf3 g4 28. Bxf7
Rxf7 29. Nd2 Bf6 30. e5 Be7 31. Nc4 b5 32. Nxd6 Bxd6 33. exd6 Qxd6 34. Rxc5
Rac7 35. Rxc7 Rxc7 36. Qe5 Rd7 37. Qxd6 Rxd6 38. Kf2 Kg6 39. Bh4 Nh5 40. Ke3
Ng7 41. Kd4 Ne6+ 42. Ke5 1-0